Statistiken für Wer bin ich ? #03

Klicken Sie hier um das Quiz zu spielen!

Allgemein

  • Dieses Quiz wurde 207 mal gespielt
  • Das Durchschnittsergebnis liegt bei 4 aus 5

Antwortstatistiken

HinweiseFiguren% Korrekt
Ich wurde am 21. April 1926 in London geboren. Mein zweiter und dritter Vorname sind: Alexandra und Mary.
Während des Zweiten Weltkriegs trat ich in den Auxiliary Territorial Service ein.
Am 20. November 1947 heiratete ich Philip Mountbatten, Prinz von Griechenland und Dänemark.
Ich regiere das Vereinigte Königreich Großbritannien und Nordirland und vierzehn weitere souveräne Staaten, die als Commonwealth-Reiche bekannt sind, sowie ihre Territorien und Abhängigkeiten. Ich bin auch das Oberhaupt des Commonwealth, einer Organisation von 53 Staaten.
Ich bin...
Die Königin Elisabeth II
93%
Ich bin eine fiktive Figur, die 1887 von Sir Arthur Conan Doyle in dem Kriminalroman A Study in Red erschaffen wurde.
Ich bin 1854 geboren.
Ich bin ein beratender Privatdetektiv und wohne in der Baker Street 221B in London.
Ich habe ein bemerkenswertes Gedächtnis für alles, was ihm bei der Aufklärung von Verbrechen im Allgemeinen helfen kann, sowie eine außergewöhnliche Fähigkeit zur Schlussfolgerung.
Ich werde häufig von meinem Freund Doktor Watson begleitet, der meine Abenteuer erzählt.
Ich bin auch ein erfahrener Geiger, der Medizin und Wissenschaft mag.
Ich bin...
Sherlock Holmes
92%
Ich bin das letzte der sechs Kinder des Titan Cronos und seiner Schwester Rhea.
Mein Vater, Cronos, fürchtete die Vorhersage seiner Eltern, Ouranos und Gaia, die sagten, er würde einen Rivalen zeugen, der an seiner Stelle regieren würde, und verschlang seine ersten fünf Kinder gleich nach der Geburt. Damit einer ihrer Söhne diesem Schicksal entgeht, ersetzt mich meine Mutter Rhea auf Anraten von Gaïa durch einen gewickelten Stein. Nach Kreta gebracht, werde ich von den Nymphen Hagno, Neda, Anthracia, Anchirhoe und Myrtoessa des Berges Ida aufgezogen und von der Ziege Amalthea in einer geheimen Höhle von Lyctos gesäugt. Meine Schreie, die meine Anwesenheit hätten verraten können, wurden vom Waffenlärm übertönt, den die Kureten in ihren kriegerischen Tänzen aufeinanderprallten.
Ich bin in der griechischen Mythologie der höchste Gott.
Ich heiratete meine Schwester Hera und hatte viele Liebhaber, mit denen ich zahlreiche Nachkommen hatte.
Ich bin der Gott des Himmels und des Blitzes.
Der Adler und die Eiche symbolisieren mich und mein Attribut ist der Blitz.
Ich bin...
Zeus
74%
Ich wurde 1451 auf dem Gebiet der Republik Genua geboren und starb am 20. Mai 1506 in Valladolid.
Ich bin eine genuesische Seefahrerin im Dienst der katholischen Könige von Spanien, Isabella von Kastilien und Ferdinand von Aragon.
Ich wurde von Königin Isabella angewiesen, Ostasien („Indien“) zu erreichen, indem ich den Atlantik mit drei Karavellen überquere, deren „Admiral“ ich bin.
Ich bin berühmt dafür, dass ich 1492 „Amerika entdeckte“, nachdem ich in der Nacht vom 11. auf den 12. Oktober auf einer Insel im Archipel der Bahamas gelandet war, der ich den Namen San Salvador gebe.
Ich bin...
Christoph Kolumbus
69%
Ich bin eine japanische fiktive Figur, die von Akira Toriyama und dem Haupthelden des Dragon Ball-Manga erschaffen wurde.
Mein Geburtsname Kakarot.
Ich bin ein Saiyajin, der im Jahr 734 der Dragon Ball-Zeitlinie auf dem Planeten Vegeta geboren wurde. Ich bin der Sohn von Bardock und Gine.
Ich lebe allein in den Bergen weit weg von der Stadt, ich habe einen Vier-Sterne-Ball namens Dragon Ball geerbt, den ich als Andenken von meinem Großvater Son Gohan behalte.
Ich freunde mich mit einem Teenager namens Bulma an. Gemeinsam begeben wir uns auf die Suche nach den sieben Dragon Balls, die, wenn sie gesammelt werden, den wunscherfüllenden Drachen Shenron beschwören.
Während meiner Abenteuer finde ich neue Freunde, die mich auf meiner Reise begleiten. Während ich aufwachse, rette ich die Erde und das Universum vor den bösen Jungs.
Ich bin...
Son Goku
43%

Verteilung der Resultate

Perzentil nach korrekt beantworteten Fragen

Anzahl Personen mit jedem Resultat

Ihre Resultats-Entwicklung

Sie haben dieses Quiz noch nicht gespielt